NBA Players by emoji - Statistics

General Stats
  • This quiz has been taken 204 times
  • The average score is 7 of 8
Answer Stats
Hint Answer % Correct
D🌹 Derrick rose
98%
⬛🐍 kobe bryant
98%
👑 lebron james
96%
👽 Wemby
93%
🧑‍⚕J Julius Erving
91%
🧤 gary payton
77%
🖐 kawhi leonard
72%
💌🕺 karl malone
61%
No matching quizzes found
Score Distribution
Percent of People with Each Score
Percentile by Number Answered
Your Score History
You have not taken this quiz